000 00557nam a22001937a 4500
003 KOHA_MİRAKIL
005 20250410160837.0
008 250410b tu ||||| |||| 00| 0 tur d
020 _a9786254057755
040 _aTR-AnABB
_btur
_cTR-AnABB
041 _atur
082 _a891.73
_bAND 2021
100 1 _aAndreyev, Lenoid,
_d1871-1917
245 1 0 _aYahuda iskariot /
_cLeonid Andreyev
260 _aİstanbul :
_bTürkiye İş Bankası Yayınları,
_c2021
300 _a84 sayfa ;
_c19 cm
650 0 4 _aRus edebiyatı, roman
942 _2ddc
_cBK
999 _c8631
_d8631
900 _bGizem YORULMAZ